000
00248nam a2200097Ia 4500
001
643371
005
20250826153544.0
008
250824s9999 xx 000 0 und d
245
0
_a
OSMANLI LEVENTLERİ
_c
AHMET YILMAZ BOYUNAĞA
260
_b
GENÇ TİMAŞ
999
_c
643371
_d
643371